| 000 | 00000cam 2200000zi 4500 |
| 001 | 9.955499 |
| 003 | CaOODSP |
| 005 | 20260603132117 |
| 006 | m o d f |
| 007 | cr mn||||||||| |
| 008 | 250918t20252025onc o f000 0 fre d |
| 020 | |a9780660790398 |
| 040 | |aCaOODSP|bfre|erda|cCaOODSP |
| 043 | |an-cn--- |
| 086 | 1 |aBT22-291/2025F-PDF |
| 110 | 1 |aCanada. |bConseil du trésor, |eauteur, |eorganisme de publication. |
| 245 | 10|aSecrétariat du Conseil du Trésor du Canada : |brapport d’étape de l’examen du fardeau administratif. |
| 264 | 1|aOttawa, Ontario : |bSecrétariat du Conseil du trésor du Canada = Treasury Board of Canada Secretariat, |c2025. |
| 264 | 4|c©2025 |
| 300 | |a1 ressource en ligne (43 pages) |
| 336 | |atexte|btxt|2rdacontent/fre |
| 337 | |ainformatique|bc|2rdamedia/fre |
| 338 | |aressource en ligne|bcr|2rdacarrier/fre |
| 500 | |aPublié aussi en anglais sous le titre : Treasury Board of Canada Secretariat red tape review progress report. |
| 500 | |a« Publié : le 2025-09-08. » |
| 610 | 10|aCanada. |bConseil du trésor|xPlanification. |
| 650 | 6|aBureaucratie|zCanada. |
| 775 | 08|tTreasury Board of Canada Secretariat red tape review progress report.|w(CaOODSP)9.955498 |
| 856 | 40|qPDF|s995 Ko|uhttps://publications.gc.ca/collections/collection_2026/sct-tbs/BT22-291-2025-fra.pdf |
| 856 | 4 |qHTML|sS.O.|uhttps://www.canada.ca/fr/secretariat-conseil-tresor/organisation/transparence/lois-reglements/rapport-etape-examen-fardeau-administratif.html |